000 00756nam a2200181Ia 4500
008 090201s9999 xx 000 0 und d
010 _aKPL-67378
040 _bमराठी
041 _aमराठी
082 _a44587
_b67378
100 _a/अनु:सुप्रिया वकील तसलिमा नसरिन
245 _aफरासि प्रेमिक (फ्रेंच प्रमिक)
_c/अनु:सुप्रिया वकील तसलिमा नसरिन
250 _a1
260 _c2005
_bमेहता पब्लिशिंग हाऊस
300 _a318
_bमोठा
600 _aफरासि प्रेमिक (फ्रेंच प्रमिक)
942 _cBOOK
999 _c241588
_d241588